00287nam a2200121Ia 4500008004100000041001200041082002400053100002000077245002900097260001400126300000800140650001700148231217s9999 xx 000 0 und d aEnglish a001.6424TUR PAL R aPalmer, Scott D 0aTurbo Pascal for Windows c1992bT P a499 aTurbo Pascal